000 01073nam a22003017a 4500
003 CHAP
005 20220329134859.0
008 971013s1982 r 00010 d
010 _a27418
011 _a28390
035 _a32494
040 _cCHAP
082 _a630.72
_bI54g
110 _aINIA. México. Campo Agrícola Experimental Altos de Jalisco
_958470
245 _aGuía para la asistencia técnica agrícola área de influencia del Campo Agrícola Experimental Altos de Jalisco
260 _aMéxico, D.F. :
_bEl Instituto,
_c1982
300 _a120 p.
_b: ilus
590 _aBATCH-UPD
_b10
_c20130110
_lUCH01
_h1016
590 _aBATCH-UPD
_b10
_c20130410
_lUCH01
_h0623
590 _aBATCH-UPD
_b10
_c20130913
_lUCH01
_h2118
590 _aCONVERSION
_b10
_c20130109
_lUCH01
_h1316
650 1 4 _aAgricultura
_xInvestigación
_xJalisco.
_91637
650 1 4 _aAgricultura
_xJalisco.
_91714
901 _aBK
942 _cLIBRO
949 _a630.72 I54g
_bBC
_cC
_d33724000526562
_eC
_h59763
_i32494
_si
949 _a630.72 I54g
_bBC
_cC
_d33724000832432
_eC
_fc.2
_h59764
_i32494
_sb
999 _c27418
_d27418